Διεθνή οικονομικά : μία εισαγωγική προσεγγιση

Αποθηκεύτηκε σε:
Λεπτομέρειες βιβλιογραφικής εγγραφής
Κύριος συγγραφέας: Πουρναράκης, Ευθύμιος Δ.
Άλλοι συγγραφείς: Κούτρης, Ανδρέας Ν.
Μορφή: Βιβλίο
Γλώσσα:Greek
Δημοσίευση: Αθήνα : Κ. Σμπίλιας "Το Οικονομικό", 1992
Θέματα:
Ετικέτες: Προσθήκη ετικέτας
Δεν υπάρχουν, Καταχωρήστε ετικέτα πρώτοι!

MARC

LEADER 00000cam a2200000 i 4500
001 1/61257
008 960530s1992 gre d
035 |l 10028862 
040 |a GR-MY-UA  |b gre  |e aacr 
041 0 |a gre 
082 0 |a 337 
100 1 |a Πουρναράκης, Ευθύμιος Δ. 
245 1 0 |a Διεθνή οικονομικά :  |b μία εισαγωγική προσεγγιση /  |c Ε. Πουρναράκης ; με συμβολή Ανδρέα Κούτρη 
260 |a Αθήνα :   |b Κ. Σμπίλιας "Το Οικονομικό",   |c 1992 
300 |a 407 σ. 
504 |a Περιλαμβάνει βιβλιογραφία 
650 0 0 |a International economic relations. 
700 1 |a Κούτρης, Ανδρέας Ν. 
852 |a INST  |b CHIOS  |e 19960530  |h 337 ΠΟΥ  |p 005200003035  |q 005200003035  |t BK  |y 0 
852 |a INST  |b CHIOS  |e 20031003  |h 337 ΠΟΥ  |p 005200013773  |q 005200013773  |t BK  |y 0 
901 |a BIBL2-2003-3 
909 |a Χ  |b 024290 
909 |a Χ  |b 100231 
970 |a ΣΠΕΝΤΖΑ  |b ΕΛΕΝΗ  |z 2003/10/03